Cómo decide la O.N.U. / (Record no. 77362)

MARC details
000 -LEADER
campo de control de longitud fija 00905nam a2200265 i 4500
001 - NÚMERO DE CONTROL
campo de control 77362
003 - IDENTIFICADOR DE NÚMERO DE CONTROL
campo de control ES-MaACL
005 - FECHA Y HORA DE LA ÚLTIMA TRANSACCIÓN
campo de control 20230906173159.0
007 - CAMPO FIJO DE DESCRIPCIÓN FÍSICA--INFORMACIÓN GENERAL
campo de control de longitud fija t|
008 - DATOS DE LONGITUD FIJA--INFORMACIÓN GENERAL
campo de control de longitud fija 041008s1967 sp f |||| | spa d
100 1# - ENTRADA PRINCIPAL--NOMBRE DE PERSONA
Nombre de persona Hadwen, John G.
9 (RLIN) 61416
245 10 - MENCIÓN DEL TÍTULO
Título Cómo decide la O.N.U. /
Mención de responsabilidad, etc. John G. Hadwen y Johan Kaufmann ; prólogo de Paul G. Hoffman ; [traducción de Francisco Cádiz Deleito].
260 ## - PUBLICACIÓN, DISTRIBUCIÓN, ETC.
Lugar de publicación, distribución, etc. Madrid :
Nombre del editor, distribuidor, etc. Instituto de Estudios Políticos,
Fecha de publicación, distribución, etc. 1967.
300 ## - DESCRIPCIÓN FÍSICA
Extensión 357 p., 1 lám. ;
Dimensiones 22 cm.
490 1# - MENCIÓN DE SERIE
Mención de serie Estudios internacionales
610 24 - PUNTO DE ACCESO ADICIONAL DE MATERIA--NOMBRE DE ENTIDAD CORPORATIVA
Nombre de entidad corporativa o nombre de jurisdicción como elemento de entrada Naciones Unidas.
9 (RLIN) 5955
650 #4 - PUNTO DE ACCESO ADICIONAL DE MATERIA--TÉRMINO DE MATERIA
Término de materia o nombre geográfico como elemento de entrada Ayuda económica.
9 (RLIN) 137664
650 #4 - PUNTO DE ACCESO ADICIONAL DE MATERIA--TÉRMINO DE MATERIA
Término de materia o nombre geográfico como elemento de entrada Desarrollo económico.
9 (RLIN) 153584
700 1# - ENTRADA AGREGADA--NOMBRE PERSONAL
Nombre de persona Kaufmann, Johan.
9 (RLIN) 67655
700 1# - ENTRADA AGREGADA--NOMBRE PERSONAL
Nombre de persona Cádiz Deleito, Francisco.
9 (RLIN) 33400
700 1# - ENTRADA AGREGADA--NOMBRE PERSONAL
Nombre de persona Hoffman, Paul G.
9 (RLIN) 63947
830 0# - PUNTO DE ACCESO ADICIONAL DE SERIE-TÍTULO UNIFORME
Título uniforme Estudios internacionales
9 (RLIN) 183548
852 ## - LOCALIZACIÓN
Ubicación ES-MaACL
Número de control de estantería C-33608
Holdings
Estatus retirado Estado de pérdida Estado de daño No para préstamo Biblioteca de origen Biblioteca actual Ubicación en estantería Fecha de adquisición Fuente de adquisición Total de préstamos Signatura topográfica completa Código de barras Visto por última vez Precio de reemplazo Tipo de ítem Koha
        Biblioteca del Ateneo de Madrid Biblioteca del Ateneo de Madrid Depósito 2 17/01/2008     C-33608 1080943 23/02/2023 23/02/2023 Libro impreso